Sports Quiz

Random Sports or Basketball Quiz
Score 0/26 Timer 05:00
42 Plays Today
Season (Ppg) Player % Correct
2001-02 (22.4)Karl Malone
93.6%
2002-03 (20.6)Karl Malone
93.6%
2003-04 (13.2)Karl Malone
93.6%
1985-86 (23.4)Kareem Abdul-Jabbar
92%
1986-87 (17.5)Kareem Abdul-Jabbar
91.9%
1987-88 (14.6)Kareem Abdul-Jabbar
91.9%
1988-89 (10.1)Kareem Abdul-Jabbar
91.9%
2017-18 (12.0)Dirk Nowitzki
91.3%
2001-02 (22.9)Michael Jordan
91.2%
2002-03 (20.0)Michael Jordan
91.2%
2016-17 (14.2)Dirk Nowitzki
89.4%
2014-15 (13.9)Tim Duncan
87.5%
2004-05 (14.8)Reggie Miller
87.4%
Season (Ppg) Player % Correct
2003-04 (10.0)Reggie Miller
87.4%
2001-02 (13.4)John Stockton
86.3%
2002-03 (10.8)John Stockton
86.3%
2000-01 (11.5)John Stockton
86.3%
2012-13 (12.7)Steve Nash
83%
2000-01 (11.9)Hakeem Olajuwon
68.6%
1991-92 (14.1)Robert Parish
68.2%
1992-93 (12.6)Robert Parish
68.2%
1993-94 (11.7)Robert Parish
68.2%
2010-11 (13.2)Grant Hill
43.2%
2011-12 (10.2)Grant Hill
43.2%
2007-08 (11.2)Sam Cassell
15.4%
1998-99 (10.3)Dale Ellis
10.1%
Come Together.
Have Fun.
All Virtual.
We all need to come together. Play Sporcle's virtual live trivia to have fun, connect with people, and get your trivia on. Join a live hosted trivia game for your favorite pub trivia experience done virtually. If a virtual private party is more your thing, go here for details.

You're not logged in!

Compare scores with friends on all Sporcle quizzes.
OR
Log In

Sporcle TV

Today on Sporcle TV


Watch our educational content, quiz creation guides, and fun videos on Sporcle TV.

Show Comments

Extras

Top Quizzes Today


Score Distribution

Paid Content

Your Account Isn't Verified!

In order to create a playlist on Sporcle, you need to verify the email address you used during registration. Go to your Sporcle Settings to finish the process.

Report this User

Report this user for behavior that violates our Community Guidelines.

Details: